Est-ce un animal marin ? - Statistiques

Statistiques générales
  • Ce quiz a été pris 204 fois
  • Le résultat moyen est 8 sur 15
Answers on the Grid
Answers color-coded by a green-red scale on the quiz's grid according to % correct below.
flamand rose
marmottes
tortue d'eau
canard
ours polaire
axolot
tortue terrestre
requin
aigle
La genette
narval
oie
otarie
dauphin
chien
chat
phoque
poussin
Cyphoma Gibbosum
lion de mer
vaquita
vache
cheval
Le dragon des Abysses
Espadon-Voilier
dragon de comodo
éponge de verre
escargot des Mariannes
la civette
baudroies
 
Statistiques - réponses
Réponse % Correct
tortue d'eau
88%
requin
62%
axolot
61%
dauphin
60%
narval
58%
otarie
58%
phoque
58%
lion de mer
57%
Espadon-Voilier
48%
Le dragon des Abysses
45%
éponge de verre
43%
baudroies
40%
escargot des Mariannes
40%
Cyphoma Gibbosum
23%
vaquita
21%
Aucun quiz correspondant
Distribution des résultats
% des personnes avec chaque résultat
Percentile par nombre de réponses
Votre historique - résultats
Vous n’avez pas pris ce quiz